000 00562nam a2200193 u 4500
005 20240228064143.0
008 140822s2006 r 000 0 eng d
020 _a9871296088
035 _aUPN01000199079
049 _aI
050 4 _aPZ71
_bR4.2
100 1 _aRepún, Graciela Beatriz,
_d1951-
_932429
245 1 0 _aCasa con duendes /
_cGraciela Repún ; il. Claudia Degliuomini.
260 _aBuenos Aires :
_bUnaluna,
_c2006.
300 _a[23] p. :
_bil. col
650 4 _aLibros y lectura para niños
_92290
905 _aInfantil
999 _c171180
_d171180